[Event "ROM-ch U12"]
[Site "Calimanesti"]
[Date "2018.04.01"]
[Round "7"]
[White "Boghici, Mario Bogdan"]
[Black "Bisti, Stefan"]
[Result "1-0"]
[WhiteElo "1423"]
[BlackElo "1337"]
[PlyCount "131"]
[EventDate "2018.03.27"]
[EventType "swiss"]
[EventRounds "9"]
[EventCountry "ROU"]
[SourceTitle "CBM 183 Extra"]
[Source "ChessBase"]
[SourceDate "2018.04.19"]
[SourceVersion "1"]
[SourceVersionDate "2018.04.19"]
[SourceQuality "1"]

1. e4 e6 2. d4 d5 3. exd5 exd5 4. Bd3 Nc6 5. Ne2 Bd6 6. c3 Nge7 7. Qc2 Bg4 8. f3 Bh5 9. Bf4 Bg6 10. Nd2 Bxf4 11. Nxf4 Qd6 12. g3 0-0-0 13. 0-0-0 Rde8 14. Rde1 Na5 15. Re5 Nac6 16. Re2 Kb8 17. Rhe1 Qd7 18. Nb3 b6 19. g4 Nc8 20. Bxg6 Rxe2 21. Qxe2 hxg6 22. Nd3 f5 23. g5 Qe7 24. Qxe7 N8xe7 25. Re2 Rh3 26. Nd2 Nc8 27. Nf4 Rh4 28. Nxd5 Rh5 29. Rg2 N8e7 30. Nxe7 Nxe7 31. c4 Nc6 32. d5 Nb4 33. Kd1 Nxa2 34. Nb3 Nb4 35. Ke2 f4 36. Nd4 Rh8 37. Ne6 Re8 38. Kd2 c6 39. Nxf4 cxd5 40. cxd5 Nxd5 41. Nxd5 Rd8 42. Ke3 Rxd5 43. Ke4 Rf5 44. h4 Rc5 45. f4 Kc7 46. Rh2 Kd6 47. h5 Rc4+ 48. Kf3 Ke6 49. h6 gxh6 50. gxh6 Rc8 51. Kg4 Kf6 52. Rd2 Rh8 53. Rd6+ Kf7 54. Kg5 Rg8 55. Rf6+ Ke7 56. Rxg6 Rh8 57. Rg7+ Kf8 58. Kg6 a5 59. f5 b5 60. f6 a4 61. h7 b4 62. f7 Rxh7 63. Rxh7 a3 64. bxa3 b3 65. Rh8+ Ke7 66. f8Q+ 1-0